Żeńskie imiona na literę "A" - Statystyki

Ogólne statystyki
  • Ten quiz został rozwiązany 773 razy
  • Średni wynik to 12 z 22
Statystyki odpowiedzi
Imię % Poprawnych
A Anna
97%
A Alicja
81%
A Agnieszka
79%
A Amelia
76%
A Aleksandra
68%
A Agata
67%
A Anastazja
66%
A Aneta
57%
A Alina
56%
A Adrianna
52%
A Andżelika
52%
A Ada
46%
A Anita
45%
A Aniela
44%
A Antonina
43%
A Amanda
41%
A Aurelia
40%
A Aldona
36%
A Adela
34%
A Arleta
29%
A Apolonia
26%
A Adelajda
20%
Nie znaleziono quizów pasujących do podanych kryteriów
Rozkład punktacji
Procent ludzi z każdym wynikiem
Percentyl według liczby udzielonych odpowiedzi
Twoja historia wyników
Nie rozwiązałeś tego quizu